00417nam a2200157Ia 4500003000400000008004100004020001500045040001600060082001300076100001800089245004200107260004500149300002700194650001800221650002000239GCL140319s9999 xx 000 0 eng d a0517077612 aGCL / cGCL04a759bM M1 aMONET, CLAUDE10aMONET : bPAINTINGS / cMONET, CLAUDE aنيويورك : bWINGS BOOKS ، c1992 a46 PbILL. ؛ c15 cm.04aMONET, CLAUDE04aMONET PAINTINGS